Brawl Stars: Darryl Skins by Picture - Statistics

General Stats
  • This quiz has been taken 111 times
    34 since last reset
  • The average score is 8 of 12
Answer Stats
Picture Answer % Correct
Cupcake Darryl
100%
Crash Test Darryl
83%
Mega Box Darryl
83%
Plankton Darryl
83%
True Gold Darryl
75%
True Silver Darryl
71%
Omega Box Darryl
67%
Mascot Darryl
58%
Dumpling Darryl
54%
Sheepish Darryl
54%
Pop-Up Darryl
46%
D4R-RY1
42%
No matching quizzes found
Score Distribution
Percent of People with Each Score
Percentile by Number Answered
Your Score History
You have not taken this quiz since the last reset